000 00875nam a22002417a 4500
001 4322
003 FISKH
005 20251205110148.0
008 240718b cb ||||| |||| 00| 0 eng d
020 _a9781597071321
040 _aFISKH
_beng
_cFISKH
_dFISKH
050 _aPZ7
082 _a741.5
100 _aFarshtey, Greg
245 _aBionicle, Vol. 4:
_bTrial by Fire /
_cGreg Farshtey
250 _aThis edition published in 2009
260 _aNew York :
_bPapercutz,
_c2003
300 _a77 unnumbered pages :
_b20 cm
_ccolor illustrations ;
520 _aThe city of Metru Nui, long peaceful under the reign of Turaga Dume, is under attack. Only Toa Lhikan is left. Now it is up to him to bring forth the next generation of Toa to save Metru Nui.
650 _aBionicle
_vScience Fiction
_xComic Book
_yRobots
942 _2ddc
_cBK
_n0
999 _c4322
_d4322